000 00546nam a2200193Ia 4500
005 20231010122639.0
008 131103s9999 xx 000 0 und d
040 _aLoreto College
041 _aEnglish
082 _aF
_bRUS
100 _aRushdie,Salman
245 _aHaroun and the sea of stories
_cSalman Rushdie
260 _aNew Delhi
_bPenguin Book in association with Granta Books
_c1990
300 _a218 p.
504 _a1st published 1933 by Macmillan & Co. Ltd.
650 _aFiction in English
850 _aLCLIB
942 _cBK
999 _c15025
_d65504